| 000 | 00615nam a2200181Ia 4500 | ||
|---|---|---|---|
| 008 | 151018s9999 xx 000 0 und d | ||
| 082 |
_bRBASDV47735 _a801.95 |
||
| 100 | _aनर्मदा इंदूरखा | ||
| 245 | _a"रस,छद,अलंकार" | ||
| 250 | _b1 | ||
| 260 |
_bनर्मदा पुस्तक प्रकाशन _c2008 |
||
| 300 | _a64 | ||
| 600 | _aनर्मदा इंदूरखा | ||
| 630 | _a"रस,छद,अलंकार" | ||
| 700 | _aनर्मदा इंदूरखा | ||
| 730 | _a"रस,छद,अलंकार" | ||
| 942 | _cBOOK | ||
| 999 |
_c1046867 _d1046864 |
||